Welcome to the Holygrace Academy Library

Please use search bar below to get started

BIOLOGY OF FISHES (Record no. 1431)

MARC details
000 -LEADER
fixed length control field 00338nam a22001457a 4500
020 ## - INTERNATIONAL STANDARD BOOK NUMBER
ISBN 81-7141-908-9
082 ## - DEWEY DECIMAL CLASSIFICATION NUMBER
Classification number 579
Item number KHA/B
100 ## - MAIN ENTRY--AUTHOR NAME
Personal name KHANNA, D.R
245 ## - TITLE STATEMENT
Title BIOLOGY OF FISHES
250 ## - EDITION STATEMENT
Edition statement FIRST EDITION
260 ## - PUBLICATION, DISTRIBUTION, ETC. (IMPRINT)
Place of publication DELHI
Name of publisher DISCOVERY PUBLISHING HOUSE
Year of publication 2004
300 ## - PHYSICAL DESCRIPTION
Number of Pages 372
650 ## - SUBJECT ADDED ENTRY--TOPICAL TERM
Topical Term BIOLOGY REFERENCE
Geographic subdivision INDIA
942 ## - ADDED ENTRY ELEMENTS (KOHA)
Koha item type Books
Holdings
Withdrawn status Lost status Collection code Home library Current library Shelving location Date acquired Source of acquisition Cost, normal purchase price Full call number Accession Number Koha item type
    Reference Main Library Main Library SHELF-5 E REFERENCE BIOLOGY 10/10/2006 purchase 215.00 579 KHA/B 02812 Books